000 00384cam a2200145ua 4500
041 _aeng
_h
082 _a828.09
_bWAI/IN
100 _aWain, John .
245 _aInterpretation: Essays on twelve english poems /
_cJohn Wain.
_hTextual Documents
260 _aLondon :
_bRoutledge & Kegan Paul Ltd ,
_c1962.
300 _a237 ; .
504 _a
942 _cBK
999 _c8633
_d8633